Miasta i wsie w Beskidzie Niskim - Statystyki

Ogólne statystyki
  • Ten quiz został rozwiązany 2 razy
  • Średni wynik to 64 z 173
Statystyki odpowiedzi
Gmina Miejscowość % Poprawnych
Dukla Dukla
100%
Uście Gorlickie Banica
50%
Sękowa Bartne
50%
Dukla Barwinek
50%
Lipinki Bednarka
50%
Krynica-Zdrój Berest
50%
Grybów (wiejska) Biała Niżna
50%
Gorlice (wiejska) Bielanka
50%
Łużna Bieśnik
50%
Grybów (wiejska) Binczarowa
50%
Uście Gorlickie Blechnarka
50%
Sękowa Bodaki
50%
Kamionka Wielka Bogusza
50%
Uście Gorlickie Brunary
50%
Bukowsko Bukowsko
50%
Gorlice (wiejska) Bystra
50%
Grybów (wiejska) Cieniawa
50%
Uście Gorlickie Czarna
50%
Sękowa Czarne
50%
Krynica-Zdrój Czyrna
50%
Komańcza Czystogarb
50%
Komańcza Dołżyca
50%
Gorlice (wiejska) Dominikowice
50%
Grybów (wiejska) Florynka
50%
Dębowiec Folusz
50%
Uście Gorlickie Gładyszów
50%
Krempna Grab
50%
Grybów (miejska) Grybów
50%
Uście Gorlickie Hańczowa
50%
Krempna Huta Polańska
50%
Uście Gorlickie Izby
50%
Jaśliska Jaśliska
50%
Grybów (wiejska) Kąclowa
50%
Dukla Kamionka
50%
Kamionka Wielka Kamionka Mała
50%
Kamionka Wielka Kamionka Wielka
50%
Bukowsko Karlików
50%
Ropa Klimkówka
50%
Komańcza Komańcza
50%
Uście Gorlickie Konieczna
50%
Łabowa Kotów
50%
Krempna Krempna
50%
Rymanów Królik Polski
50%
Rymanów Królik Wołoski
50%
Kamionka Wielka Królowa Górna
50%
Kamionka Wielka Królowa Polska
50%
Lipinki Kryg
50%
Sękowa Krzywa
50%
Łabowa Krzyżówka
50%
Uście Gorlickie Kunkowa
50%
Chełmiec Kunów
50%
Uście Gorlickie Kwiatoń
50%
Łabowa Łabowa
50%
Uście Gorlickie Leszczyny
50%
Lipinki Lipinki
50%
Ropa Łosie
50%
Iwonicz-Zdrój Lubatowa
50%
Sękowa Małastów
50%
Sękowa Męcina Mała
50%
Sękowa Męcina Wielka
50%
Krynica-Zdrój Mochnaczka Niżna
50%
Krynica-Zdrój Mochnaczka Wyżna
50%
Korzenna Mogilno
50%
Krynica-Zdrój Muszynka
50%
Krempna Myscowa
50%
Chełmiec Naściszowa
50%
Sękowa Nieznajowa
50%
Dukla | Łabowa Nowa Wieś
50%
Uście Gorlickie Nowica
50%
Nowy Sącz Nowy Sącz
50%
Nowy Żmigród Nowy Żmigród
50%
Krempna Ożenna
50%
Chełmiec Paszyn
50%
Osiek Jasielski Pielgrzymka
50%
Krynica-Zdrój Piorunka
50%
Krempna | Krynica-Zdrój Polany
50%
Jaśliska Posada Jaśliska
50%
Korzenna Posadowa Mogilska
50%
Bukowsko Przybyszów
50%
Grybów (wiejska) Ptaszkowa
50%
Rymanów Puławy
50%
Sękowa Radocyna
50%
Uście Gorlickie Regietów
50%
Ropa Ropa
50%
Sękowa Ropica Górna
50%
Gorlice (wiejska) Ropica Polska
50%
Uście Gorlickie Ropki
50%
Lipinki Rozdziele
50%
Krempna Rozstajne
50%
Łabowa Roztoka Wielka
50%
Osiek Jasielski Samoklęski
50%
Sękowa Sękowa
50%
Sękowa Siary
50%
Grybów (wiejska) Siołkowa
50%
Uście Gorlickie Skwirtne
50%
Uście Gorlickie Smerekowiec
50%
Komańcza Smolnik
50%
Uście Gorlickie Śnietnica
50%
Nowy Żmigród Stary Żmigród
50%
Uście Gorlickie Stawisza
50%
Krempna Świątkowa Mała
50%
Krempna Świątkowa Wielka
50%
Łużna Szalowa
50%
Komańcza Szczawne
50%
Gorlice (wiejska) Szymbark
50%
Dukla Teodorówka
50%
Bukowsko Tokarnia
50%
Dukla Tylawa
50%
Krynica-Zdrój Tylicz
50%
Uście Gorlickie Uście Gorlickie
50%
Sękowa Wapienne
50%
Grybów (wiejska) Wawrzka
50%
Rymanów Wisłoczek
50%
Komańcza Wisłok Wielki
50%
Łużna Wola Łużańska
50%
Jaśliska Wola Niżna
50%
Bukowsko Wola Piotrowa
50%
Bukowsko Wola Sękowa
50%
Sękowa Wołowiec
50%
Grybów (wiejska) Wyskitna
50%
Uście Gorlickie Wysowa-Zdrój
50%
Krempna Wyszowatka
50%
Rymanów Zawoje
50%
Uście Gorlickie Zdynia
50%
Chełmiec Boguszowa
0%
Nowy Żmigród Brzezowa
0%
Dukla Cergowa
0%
Dukla Chyrowa
0%
Dębowiec Cieklin
0%
Jaśliska Daliowa
0%
Nowy Żmigród Desznica
0%
Nawojowa Frycowa
0%
Grybów (wiejska) Gródek
0%
Dukla Iwla
0%
Kamionka Wielka Jamnica
0%
Jaśliska Jasiel
0%
Dukla Jasionka
0%
Nowy Żmigród Jaworze
0%
Łabowa Kamianna
0%
Nowy Żmigród Kąty
0%
Korzenna Koniuszowa
0%
Krempna Kotań
0%
Komańcza Kulaszne
0%
Chełmiec Librantowa
0%
Dukla Lipowica
0%
Nowy Żmigród Łysa Góra
0%
Łabowa Maciejowa
0%
Osiek Jasielski Mrukowa
0%
Kamionka Wielka Mszalnica
0%
Dukla Mszana
0%
Kamionka Wielka Mystków
0%
Nowy Żmigród Mytarz
0%
Dukla Olchowiec
0%
Sękowa Owczary
0%
Jaśliska Polany Surowiczne
0%
Nawojowa Popardowa
0%
Komańcza Radoszyce
0%
Dukla Ropianka
0%
Jaśliska Rudawka Jaśliska
0%
Komańcza Rzepedź
0%
Nowy Żmigród Skalnik
0%
Dukla Smereczne
0%
Grybów (wiejska) Stara Wieś
0%
Jaśliska Surowica
0%
Krempna Świerzowa Ruska
0%
Dukla Trzciana
0%
Chełmiec Wielopole
0%
Dukla Wilsznia
0%
Dębowiec Wola Cieklińska
0%
Dukla Zawadka Rymanowska
0%
Dukla Zyndranowa
0%
Nie znaleziono quizów pasujących do podanych kryteriów
Rozkład punktacji
Procent ludzi z każdym wynikiem
Percentyl według liczby udzielonych odpowiedzi
Twoja historia wyników
Nie rozwiązałeś tego quizu